[Event "IECC O-2914"]
[Site "IECC email"]
[Date "2009.03.05"]
[Round "?"]
[White "Simak, Jaroslav"]
[Black "Lopez, Yuro"]
[Result "0-1"]
[WhiteElo "1631"]
[BlackElo "1605"]
[PlyCount "66"]
[EventDate "2009.??.??"]
[EventType "swiss (corr)"]
[EventRounds "2"]
[SourceTitle "Corr 2011"]
[Source "ChessBase"]
[SourceDate "2010.08.31"]
[SourceVersion "1"]
[SourceVersionDate "2010.08.31"]
[SourceQuality "1"]
[WhiteTeam "Czech Republic"]
[BlackTeam "Uruguay"]
[WhiteTeamCountry "CZE"]
[BlackTeamCountry "URU"]

1. e4 e5 2. f4 exf4 3. Bc4 Qh4+ 4. Kf1 d6 5. d4 Bg4 6. Nf3 Qf6 7. Nc3 Bxf3 8. gxf3 c6 9. h4 h6 10. a4 g5 11. Qd3 Nd7 12. Ne2 Ne7 13. Kf2 Bg7 14. Bd2 a6 15. b4 Ng6 16. h5 Ne7 17. a5 0-0 18. Rag1 Rad8 19. Ba2 c5 20. c3 Nc6 21. Rg2 Kh8 22. Bb1 Qe7 23. bxc5 dxc5 24. e5 f5 25. exf6 Nxf6 26. Rhg1 Rf7 27. Bxf4 cxd4 28. Bxg5 hxg5 29. h6 Qe3+ 30. Qxe3 dxe3+ 31. Kxe3 Bxh6 32. Rh1 Kg7 33. Kf2 Rd2 0-1

[Event "IECC O-2903"]
[Site "IECC email"]
[Date "2009.02.09"]
[Round "?"]
[White "Lopez, Yuro"]
[Black "Goti, Javier"]
[Result "1-0"]
[WhiteElo "1600"]
[BlackElo "1338"]
[PlyCount "61"]
[EventDate "2009.??.??"]
[EventType "swiss (corr)"]
[EventRounds "2"]
[SourceTitle "Corr 2011"]
[Source "ChessBase"]
[SourceDate "2010.08.31"]
[SourceVersion "1"]
[SourceVersionDate "2010.08.31"]
[SourceQuality "1"]
[WhiteTeam "Uruguay"]
[BlackTeam "Spain"]
[WhiteTeamCountry "URU"]
[BlackTeamCountry "ESP"]

1. d4 Nf6 2. c4 g6 3. Nc3 Bg7 4. e4 d6 5. h3 0-0 6. Be3 b6 7. b4 Bb7 8. Bd3 Nbd7 9. b5 c6 10. bxc6 Bxc6 11. Rc1 a6 12. Nge2 e6 13. a4 d5 14. cxd5 exd5 15. e5 Ne4 16. Nxe4 dxe4 17. Rxc6 exd3 18. Nf4 Nxe5 19. dxe5 Bxe5 20. Nxd3 Bg7 21. 0-0 b5 22. axb5 axb5 23. Qc2 Qd7 24. Rc1 Qf5 25. Rc5 Qd7 26. Qb3 Rac8 27. Qxb5 Qxb5 28. Rxb5 h6 29. Rxc8 Rxc8 30. Nb4 g5 31. Rc5 1-0